000 01141nam a2200301 a 4500
001 000043551
005 20260305073956.0
008 140325s2011 dr 000 0 spa d
020 _a9789945412567
040 _aDO-SdBNP
_bspa
_cBNPHU
082 _a323.445
_bF363d, 2011
100 1 _aFernández, Leonel,
_d1953-
_97291
245 1 0 _aEl delito de opinión pública :
_bcensura, ideología y libertad de expresión /
_cLeonel Fernández ; editor Rafael Martínez Alés.
250 _a2a. ed. ampliada y corregida
260 _aSanto Domingo :
_bDerecho
_aFUNGLODE,
_c2011.
300 _a312 p. ;
_c23 cm.
490 1 _aDerecho ;
500 _aIncluye datos biográficos del autor en la solapa de la cubierta
504 _aBibliografía : p. 303-312 p.
590 _aInventariado, 2018/BT
650 4 _aOpinión pública
_9423
650 4 _aLibertad de información
_937564
650 4 _aMedios de comunicación de masas
_950
700 1 2 _aMartínez Alés, Rafael,
_eed.
_95738
710 2 2 _aFundación Global Democracía y Desarrollo
_925477
830 0 _aDerecho ;
_pFUNGLODE,
_971345
910 _aValidado. Control de calidad. MFF
999 _c43040
_d43040